000 00400nam a22001457a 4500
005 20200610133928.0
008 200610b xxu||||| |||| 00| 0 eng d
082 _a345.4 AIR
110 _aALL INDIA REPORTER
_95926
245 _aALL INDIA REPORTER [1976] [VOL-63] SUPREME COURT SECTION
260 _aBOMBAY
_bALL INDIA REPORTER, PVT LTD.
300 _a2624;p
650 _aLAW
_95701
942 _cJRL
999 _c6988
_d6986